000 00310nam a2200121Ia 4500
008 220216s9999 xx 000 0 und d
100 _aShanmuga Sundaram M K
245 0 _aNatural rubber consumption increases 6.4
260 _bRubber India
_c2018
300 _a60-61
650 _aNR consumption
942 _cBS
999 _c51287
_d51287